South American Countries - Statistics

General Stats
  • This quiz has been taken 731 times
  • The average score is 10 of 12
Answers on the Map
Answers color-coded by a green-red scale on the quiz's map according to % correct below.
 
Answer Stats
Answers % Correct
Argentina
97%
Brazil
97%
Chile
96%
Peru
83%
Bolivia
81%
Paraguay
81%
Colombia
80%
Venezuela
79%
Uruguay
77%
Ecuador
73%
Guyana
61%
Suriname
61%
No matching quizzes found
Score Distribution
Percent of People with Each Score
Percentile by Number Answered
Your Score History
You have not taken this quiz